LEADER 00950naa a2200217 u 4500 001 000000103732 003 CaOOAMICUS 005 20070226130217.0 008 061127s1924 it u000 u ger u 035 $a11108324 040 $aIAR$bita 100 1 $aPelster, Franz,$cS.I.,$d1880-1956.$0(OLS)http://pul/name/14649 245 10$aHeinrich von Harclai, Kanzler von Oxford, und seine Quästionen /$cFranz Pelster, S.J. 260 $aRoma :$bBiblioteca apostolica vaticana,$c1924. 300 $av.1, p. 307-356 ;$c26 cm 500 $aIAR: CLA.29 600 04$aHenricus de Harcley,$cca.1270-1317.$0(OLS)http://pul/subject/33045 773 0 $aMiscellanea Francesco Ehrle. 773 0 $tMiscellanea Francesco Ehrle : scritti di storia e paleografia$g37-42$w()20470 996 $6245$aHeinrich von Harclai, Kanzler von Oxford, und seine Quästionen$9(OLS)http://pul/title/130636 996 $6260$aRoma :$bBiblioteca apostolica vaticana$9(OLS)http://pul/publisher/56627 LEADER 01654nam a2200361 a 4500 001 000000132903 003 CaOOAMICUS 005 20130220094335.0 008 130220s2013 it u000 u ita r 020 $a978-88-372-2643-5 040 $aPUL$bita 041 1 $aita$hfre 082 04$a121 100 1 $aMaritain, Jacques,$d1882-1973.$0(OLS)http://pul/name/868 240 10$aDistinguer pour unir ou Les degrés du savoir.$lItaliano.$0(OLS)http://pul/title/167905 245 10$aDistinguere per unire. I gradi del sapere /$cJacques Maritain ; premessa di Vittorio Possenti. 250 $aNuova ed. ampliata. 260 $aBrescia :$bMorcelliana,$c©2013. 300 $aXXIX, 572 p. ;$c21 cm. 490 1 $aFilosofia. Testi e studi ;$v41 504 $aInclude riferimenti bibliografici e indice. 650 4$aGnoseologia.$0(OLS)http://pul/subject/1860 700 1 $aPossenti, Vittorio,$d1938-$0(OLS)http://pul/name/1995 830 0$aFilosofia (Morcelliana)$pTesti e Studi ;$v41.$0(OLS)http://pul/title/148210 850 $aPUL 852 $aPUL$W1$xSL Filosofia 3$y81$m121 MARJA 1$j152832$qDDC 21$B152286$CPULBib$Z2$F152286 $H121705 $82 852 $aPUL$W1$xDP2 Filosofia 3$y112$m121 MARJA 3$j202447$a2 copia$qDDC 21$B207847$CPULBib$Z2$F207847 $H138560 $81 941 1 $a9 996 $6020$a978-88-372-2643-5$9(OLS)http://pul/number/151908 996 $6082$a121$9(OLS)http://pul/classification/133 996 $6245$aDistinguere per unire. I gradi del sapere$9(OLS)http://pul/title/167906 996 $6260$aBrescia :$bMorcelliana$9(OLS)http://pul/publisher/47854